000 00294nam a2200121 i 4500
001 bg
245 0 _aTeorija funkcji funkcjonalnyj analiz i ich polożenija. Ryp.30.
260 _aCharkow,
_c1978.
040 _cBPK
041 _apol
942 _cKS
008 s pl f |000 0 pol
999 _c17838
_d17838
856 _uhttp://koha.tu.koszalin.pl/cgi-bin/koha/opac-detail.pl?biblionumber=17838
_yKatalog online BPK